000 00432nam a2200181Ia 4500
001 2223
005 20260306143826.0
008 260306t2010||||xx |||||||||||||| ||spa||
041 _aESP
082 _a616.15
_bL565
100 _aLongo, Dan L.,
_eAUT
245 0 _aHarrison. Hematología y oncología
260 _c2010
300 _axiii, 751 páginas :
_c27 cm.
650 _aGEN
654 _aCCS
942 _cLIB
_dJUS
_fJUS
_2ddc
_n
999 _c2223
_d2223